000 00373nam a2200121Ia 4500
008 240731s9999 xx 000 0 und d
022 _a2765-8511
245 0 _aSustainable Environment : An international journal of environmental health and sustainability
260 _bTaylor & Francis
856 _uhttps://www.tandfonline.com/loi/oaes21
942 _2ddc
942 _cTFEJ
999 _c79630
_d79630
945 _a1
_bMadushi Gamage
_c1
_dMadushi Gamage